<?xml version="1.0" encoding="UTF-8"?>
<marc:record xmlns:marc="http://www.loc.gov/MARC21/slim">
   <marc:leader>00000nam a2200000 a 4500</marc:leader>
   <marc:datafield ind1="0" ind2="0" tag="245">
      <marc:subfield code="a">Was ist was Junior Bauernhof</marc:subfield>
   </marc:datafield>
   <marc:datafield ind1="0" ind2="0" tag="245">
      <marc:subfield code="b">Hörfigur für die Toniebox</marc:subfield>
   </marc:datafield>
   <marc:datafield ind1="1" ind2=" " tag="520">
      <marc:subfield code="a">Alles Wissenswerte rund um den Bauernhof&lt;br/&gt;Jonas hat es gut. Seine Tante und sein Onkel haben einen eigenen Bauernhof. Jonas besucht sie und seine Cousine Lea über das Wochen­ ende. Klar, dass er sich alles an­ schaut und auch mithilft. Die Kälbchen brauchen Milch und bei den Ferkeln ist die Wärmelampe aus­ gefallen. Jonas lernt, warum die Hühner Steine aufpicken und darf bei der Ernte den Mähdrescher sogar ganz alleine lenken. Das ist aber noch lange nicht alles, was er erlebt.&lt;br/&gt;&lt;br/&gt;Autor: Friederike WilhelmiSprecher: Sven Knappe, Kea Nowi, Max Fischer, Umut Dirik, Stefanie Albrecht, Bianca Bauer­Stadler, Brian Burgess, Marc Wirtz u.a.&lt;br/&gt;&lt;br/&gt;Quelle: tonies.com</marc:subfield>
   </marc:datafield>
   <marc:datafield ind1=" " ind2=" " tag="300">
      <marc:subfield code="e">Hörspiel ab 4 Jahren</marc:subfield>
   </marc:datafield>
</marc:record>
